000 00390nam a2200157Ia 4500
008 131103s9999 xx 000 0 und d
040 _aLoreto College
041 _aEnglish
082 _aREF
_bLCBED/13353
245 _aHigher secondary question papers
_b arts
260 _aCalcutta
_bNiharika
_c1998
300 _a744p.
_c 18cm.
650 _aREF
850 _aLCBED/REF
942 _cBK
999 _c34236
_d84715